Dân ca Mường : Phần tiếng Mường
Tác phẩm Dân ca Mường: phần tiếng Mường do Bùi Thiện sưu tầm và biên soạn là một bộ sưu tập toàn bộ các bài hát dân gian Mường
שמור ב:
| פורמט: | ספר |
|---|---|
| שפה: | Undetermined |
| יצא לאור: |
Hà Nội
Văn hóa Dân tộc
2010
|
| נושאים: | |
| תגים: |
הוספת תג
אין תגיות, היה/י הראשונ/ה לתייג את הרשומה!
|
| Thư viện lưu trữ: | Trung tâm Học liệu Trường Đại học Cần Thơ |
|---|
| LEADER | 00825nam a2200193Ia 4500 | ||
|---|---|---|---|
| 001 | CTU_164074 | ||
| 008 | 210402s9999 xx 000 0 und d | ||
| 082 | |a 398.8597 | ||
| 082 | |b D121 | ||
| 245 | 0 | |a Dân ca Mường : | |
| 245 | 0 | |b Phần tiếng Mường | |
| 245 | 0 | |c Bùi Thiện ( sưu tầm, biên dịch ) | |
| 260 | |a Hà Nội | ||
| 260 | |b Văn hóa Dân tộc | ||
| 260 | |c 2010 | ||
| 520 | |a Tác phẩm Dân ca Mường: phần tiếng Mường do Bùi Thiện sưu tầm và biên soạn là một bộ sưu tập toàn bộ các bài hát dân gian Mường | ||
| 650 | |a Folk music,Folk music,Folk-song, Vietnamese,Nhạc dân ca,Dân ca Việt Nam | ||
| 904 | |i HPTVi,Qhieu | ||
| 980 | |a Trung tâm Học liệu Trường Đại học Cần Thơ | ||